[Event "RUS Cup tt"]
[Site "Sochi"]
[Date "2023.12.03"]
[Round "7.17"]
[White "Gerasimova, Svetlana"]
[Black "Skripnik, Dmitry"]
[Result "1/2-1/2"]
[WhiteElo "1870"]
[BlackElo "1775"]
[PlyCount "64"]
[EventDate "2023.11.27"]
[EventType "team-swiss"]
[EventRounds "7"]
[EventCountry "RUS"]
[SourceTitle "CB49_2023"]
[SourceDate "2023.12.06"]
[SourceVersion "1"]
[SourceVersionDate "2023.12.06"]
[SourceQuality "1"]
[WhiteTeam "Sport lits s Poda"]
[BlackTeam "Sbornaya LNR"]
[WhiteTeamCountry "RUS"]
[BlackTeamCountry "RUS"]

1. Nf3 d5 2. g3 g6 3. Bg2 Bg7 4. 0-0 e5 5. d3 Ne7 6. e4 0-0 7. exd5 Nxd5 8. Re1 Nc6 9. Bg5 Qd7 10. Qd2 Re8 11. Bh6 Bh8 12. Nc3 Nxc3 13. bxc3 Qd6 14. Ng5 Bd7 15. Ne4 Qe7 16. f4 f5 17. Ng5 Qc5+ 18. Qf2 Qxf2+ 19. Kxf2 e4 20. dxe4 Bxc3 21. exf5 Nb4 22. Rxe8+ Bxe8 23. Rd1 gxf5 24. Bxb7 Rb8 25. Bd5+ Nxd5 26. Rxd5 c6 27. Rd3 Ba5 28. g4 fxg4 29. Kg3 Rd8 30. Rxd8 Bxd8 31. Kxg4 Bd7+ 32. f5 Bxg5 1/2-1/2

[Event "IPCA Wch 22nd"]
[Site "Kastel"]
[Date "2023.06.14"]
[Round "2"]
[White "Dzenisenia, Mikhail"]
[Black "Gerasimova, Svetlana"]
[Result "1-0"]
[WhiteElo "1562"]
[BlackElo "1920"]
[PlyCount "64"]
[EventDate "2023.06.13"]
[EventType "swiss"]
[EventRounds "9"]
[EventCountry "SRB"]
[SourceTitle "CBM 214 Extra"]
[Source "ChessBase"]
[SourceDate "2023.07.31"]
[SourceVersion "1"]
[SourceVersionDate "2023.07.31"]
[SourceQuality "1"]

1. e4 c5 2. Nc3 Nc6 3. Bb5 Nd4 4. Bc4 e6 5. Nge2 Nf6 6. 0-0 a6 7. a4 d5 8. exd5 exd5 9. Ba2 Bd6 10. d3 Bxh2+ 11. Kxh2 Ng4+ 12. Kg1 Qh4 13. Bf4 Nf5 14. Nxd5 0-0 15. f3 Nf6 16. Qe1 Qh5 17. Nb6 Re8 18. Qf2 g5 19. Nxa8 gxf4 20. Nxf4 Qg5 21. Nh3 Qg6 22. Rfe1 Rd8 23. Nb6 Kh8 24. Nxc8 Rxc8 25. Re5 Rg8 26. Bxf7 Qxf7 27. Rxf5 Qe6 28. Rg5 Re8 29. Kf1 Nd5 30. Re1 Ne3+ 31. Rxe3 Qxe3 32. Qxe3 Rxe3 1-0

[Event "Online Olym Disabilities"]
[Site "Tornelo INT"]
[Date "2020.11.26"]
[Round "6.1"]
[White "Gerasimova, Svetlana"]
[Black "Tryjanska, Emilia"]
[Result "0-1"]
[WhiteElo "1916"]
[BlackElo "1425"]
[PlyCount "104"]
[EventDate "2020.11.21"]
[EventType "team-swiss (rapid)"]
[EventRounds "7"]
[EventCountry "NET"]
[SourceTitle "CBM 199 Extra"]
[Source "ChessBase"]
[SourceDate "2021.01.31"]
[SourceVersion "1"]
[SourceVersionDate "2021.01.31"]
[SourceQuality "1"]
[WhiteTeam "Russia"]
[BlackTeam "Poland II"]
[WhiteTeamCountry "RUS"]
[BlackTeamCountry "POL"]

1. Nf3 d5 2. g3 Nf6 3. Bg2 Bf5 4. 0-0 Nbd7 5. d3 e5 6. Nh4 Be6 7. e4 dxe4 8. dxe4 Bc5 9. Nf5 0-0 10. Nd2 Bb6 11. Qe2 Nc5 12. Nc4 Ncd7 13. Nxb6 Nxb6 14. Rd1 Qe8 15. b3 Rd8 16. Ba3 Bxf5 17. exf5 Nbd5 18. Bxf8 Nc3 19. Qe1 Rxd1 20. Rxd1 Nxd1 21. Qxd1 Kxf8 22. Bxb7 Qd7 23. Qxd7 Nxd7 24. Kf1 Ke7 25. Ke2 Nc5 26. Bg2 Kf6 27. g4 Kg5 28. h3 Kf4 29. Kd2 Ne4+ 30. Bxe4 Kxe4 31. Ke2 f6 32. c3 h6 33. a4 h5 34. f3+ Kf4 35. Kf2 hxg4 36. hxg4 e4 37. fxe4 Kxe4 38. Ke2 Kf4 39. b4 Kxg4 40. c4 Kxf5 41. b5 Ke5 42. Kd3 g5 43. a5 g4 44. Ke3 f5 45. c5 f4+ 46. Kf2 g3+ 47. Kf3 Kd5 48. b6 cxb6 49. cxb6 Kc6 50. bxa7 Kb7 51. a6+ Kxa7 52. Kxf4 g2 0-1

[Event "Online Olym Div2 B"]
[Site "Chess.com INT"]
[Date "2020.08.14"]
[Round "2.4"]
[White "Cibickova, Zuzana"]
[Black "Gerasimova, Svetlana"]
[Result "1-0"]
[WhiteElo "2256"]
[BlackElo "1916"]
[PlyCount "133"]
[EventDate "2020.08.14"]
[EventType "team-tourn (rapid)"]
[EventRounds "9"]
[EventCountry "USA"]
[SourceTitle "CBM 198"]
[Source "ChessBase"]
[SourceDate "2020.10.31"]
[SourceVersion "1"]
[SourceVersionDate "2020.10.31"]
[SourceQuality "1"]
[WhiteTeam "Slovakia"]
[BlackTeam "IPCA"]
[WhiteTeamCountry "SVK"]

1. e4 c5 2. Nf3 Nc6 3. d4 cxd4 4. Nxd4 g6 5. c4 Bg7 6. Be3 Nf6 7. Nc3 0-0 8. Be2 d6 9. f3 a6 10. Qd2 Qc7 11. Rc1 Nd7 12. Nc2 Nce5 13. Nd5 Qd8 14. 0-0 e6 15. Nc3 Qc7 16. Na3 Rd8 17. Rfd1 Nf6 18. Na4 Qe7 19. Nb6 Rb8 20. c5 d5 21. Bf4 Nh5 22. exd5 Nxf4 23. Qxf4 exd5 24. Nxd5 Qf8 25. b4 Be6 26. Nf6+ Bxf6 27. Qxf6 Nd7 28. Qb2 Qh6 29. Nc4 Bxc4 30. Bxc4 Qe3+ 31. Qf2 Qxf2+ 32. Kxf2 Ne5 33. Be2 Kg7 34. a3 Nc6 35. Rxd8 Rxd8 36. Rd1 Rxd1 37. Bxd1 Kf6 38. Ke3 Ke5 39. f4+ Kf6 40. Bf3 Nd8 41. Ke4 Ke6 42. Kd4 f6 43. Bd5+ Kf5 44. Ke3 h5 45. Be4+ Ke6 46. Bxg6 h4 47. Be4 Ke7 48. Bd5 Kd7 49. Ke4 Ke7 50. a4 Nc6 51. Bxc6 bxc6 52. Kf5 Kf7 53. g4 h3 54. g5 fxg5 55. Kxg5 Kg7 56. Kg4 Kg6 57. Kxh3 Kf5 58. Kg3 Ke4 59. h4 Kd4 60. h5 Kc4 61. h6 Kxb4 62. h7 Kxc5 63. h8Q Kb4 64. Qd4+ Ka5 65. Qc4 c5 66. f5 Kb6 67. f6 1-0

[Event "Olympiad Women-43"]
[Site "Batumi"]
[Date "2018.10.05"]
[Round "11.1"]
[White "Nabaa Sami, Abbas Al Attra"]
[Black "Gerasimova, Svetlana"]
[Result "1-0"]
[WhiteElo "1831"]
[BlackElo "1966"]
[PlyCount "71"]
[EventDate "2018.09.24"]
[EventType "team-swiss"]
[EventRounds "11"]
[EventCountry "GEO"]
[SourceTitle "EXT 2020"]
[Source "ChessBase"]
[SourceDate "2019.10.17"]
[SourceVersion "1"]
[SourceVersionDate "2019.10.17"]
[SourceQuality "1"]
[WhiteTeam "Iraq (W)"]
[BlackTeam "IPCA (W)"]
[WhiteTeamCountry "IRQ"]

1. d4 Nf6 2. Nf3 g6 3. c4 Bg7 4. Nc3 0-0 5. e4 c5 6. Be2 cxd4 7. Nxd4 d6 8. 0-0 Nc6 9. Be3 Ng4 10. Bxg4 Bxg4 11. Nxc6 Qd7 12. Nxe7+ Kh8 13. f3 Be6 14. Ned5 Rac8 15. Qe2 Rfe8 16. Rfd1 f5 17. Qd3 fxe4 18. Nxe4 Bf5 19. Bd4 Bxe4 20. fxe4 Re5 21. Bxe5 Bxe5 22. Rab1 Qa4 23. Rdc1 Qa5 24. b4 Qd8 25. g3 Qg5 26. Kg2 h5 27. Qe3 Qg4 28. Qh6+ Kg8 29. Ne7+ Kf7 30. Qh7+ Bg7 31. Rf1+ Ke6 32. Qxg7 Qe2+ 33. Kg1 Qe3+ 34. Rf2 Rc7 35. Qf7+ Ke5 36. Qd5# 1-0

[Event "Olympiad Women-43"]
[Site "Batumi"]
[Date "2018.09.26"]
[Round "3.31"]
[White "Gerasimova, Svetlana"]
[Black "Ptacnikova, Lenka"]
[Result "1/2-1/2"]
[WhiteElo "1966"]
[BlackElo "2211"]
[PlyCount "105"]
[EventDate "2018.09.24"]
[EventType "team-swiss"]
[EventRounds "11"]
[EventCountry "GEO"]
[SourceTitle "EXT 2020"]
[Source "ChessBase"]
[SourceDate "2019.10.17"]
[SourceVersion "1"]
[SourceVersionDate "2019.10.17"]
[SourceQuality "1"]
[WhiteTeam "IPCA (W)"]
[BlackTeam "Iceland (W)"]
[BlackTeamCountry "ISL"]

1. Nf3 Nf6 2. g3 d5 3. Bg2 c6 4. 0-0 Bf5 5. d3 h6 6. Nbd2 e6 7. Nh4 Bh7 8. e4 Be7 9. Qe2 0-0 10. e5 Nfd7 11. Nhf3 a5 12. h4 Na6 13. Re1 b5 14. Nf1 Qb6 15. h5 c5 16. N1h2 c4 17. Be3 Qc7 18. d4 Nb4 19. Rec1 Rfc8 20. Ng4 Bf8 21. Nh4 Nc6 22. c3 b4 23. f4 bxc3 24. bxc3 Ne7 25. Nf2 Rab8 26. g4 Rb6 27. Qf3 Qd8 28. f5 f6 29. exf6 Nxf6 30. Ng6 exf5 31. gxf5 Rcc6 32. Re1 Rb2 33. Ng4 Ne4 34. N4e5 Rf6 35. Bh3 Rc2 36. Rec1 Rxc3 37. Rxc3 Nxc3 38. Bxh6 gxh6 39. Qxc3 Nxf5 40. Rf1 Ng7 41. Rxf6 Qxf6 42. Qxa5 Bxg6 43. hxg6 Qg5+ 44. Bg2 Qc1+ 45. Kf2 Qb2+ 46. Kf1 Qa1+ 47. Ke2 Qb2+ 48. Qd2 Qxd2+ 49. Kxd2 Bb4+ 50. Kc2 Nf5 51. Bxd5+ Kg7 52. Bxc4 Nxd4+ 53. Kd3 1/2-1/2

[Event "Olympiad Women-38"]
[Site "Dresden"]
[Date "2008.11.25"]
[Round "11"]
[White "Jorgensen, Line Jin"]
[Black "Gerasimova, Svetlana"]
[Result "0-1"]
[WhiteElo "1946"]
[BlackElo "1905"]
[PlyCount "98"]
[EventDate "2008.11.13"]
[EventType "team-swiss"]
[EventRounds "11"]
[EventCountry "GER"]
[SourceTitle "CBM 128"]
[Source "ChessBase"]
[SourceDate "2009.01.28"]
[SourceVersion "1"]
[SourceVersionDate "2009.01.28"]
[SourceQuality "1"]
[WhiteTeam "Norway (W)"]
[BlackTeam "IPCA (W)"]
[WhiteTeamCountry "NOR"]

1. d4 Nf6 2. c4 c5 3. d5 e6 4. Nc3 d6 5. g3 exd5 6. cxd5 g6 7. Bg2 Bg7 8. e4 0-0 9. Nge2 Na6 10. 0-0 Nc7 11. a4 Rb8 12. Qd3 b6 13. h3 a6 14. Be3 Nd7 15. f4 b5 16. a5 c4 17. Qd2 Nc5 18. Bxc5 dxc5 19. Kh2 Ne6 20. e5 f6 21. Qe3 Nd4 22. e6 Re8 23. Nxd4 cxd4 24. Qxd4 Bxe6 25. Qc5 Bf5 26. d6 Qc8 27. Qxc8 Bxc8 28. Nd5 Bb7 29. Ne7+ Kf8 30. f5 Bxg2 31. Kxg2 Rbd8 32. Rad1 gxf5 33. Kf3 Kf7 34. Kf4 Bf8 35. Kxf5 Bxe7 36. dxe7 Rxd1 37. Rxd1 Rxe7 38. Rd6 Re5+ 39. Kf4 Re6 40. Rd7+ Kg6 41. Rb7 Re2 42. Rb6 Rxb2 43. Rxa6 Ra2 44. Ra8 b4 45. Rg8+ Kf7 46. Rc8 c3 47. Rc4 c2 48. Ke3 b3 49. Kd2 Ra1 0-1

[Event "Olympiad Women-38"]
[Site "Dresden"]
[Date "2008.11.15"]
[Round "3"]
[White "Gerasimova, Svetlana"]
[Black "L'Ami, Alina"]
[Result "0-1"]
[WhiteElo "1905"]
[BlackElo "2313"]
[PlyCount "52"]
[EventDate "2008.11.13"]
[EventType "team-swiss"]
[EventRounds "11"]
[EventCountry "GER"]
[SourceTitle "CBM 128"]
[Source "ChessBase"]
[SourceDate "2009.01.28"]
[SourceVersion "1"]
[SourceVersionDate "2009.01.28"]
[SourceQuality "1"]
[WhiteTeam "IPCA (W)"]
[BlackTeam "Romania (W)"]
[BlackTeamCountry "ROU"]

1. e4 c5 2. Nf3 d6 3. Bb5+ Bd7 4. Bxd7+ Qxd7 5. 0-0 Nf6 6. e5 dxe5 7. Nxe5 Qc8 8. Na3 e6 9. d3 Nc6 10. Nac4 b5 11. Nxc6 Qxc6 12. Ne5 Qc7 13. Qf3 Rc8 14. Bf4 Bd6 15. Nxf7 Kxf7 16. Bxd6 Qxd6 17. Qb7+ Qd7 18. Qf3 Rhf8 19. Rfe1 Kg8 20. Re2 Nd5 21. Qg4 Rf6 22. Rae1 Rg6 23. Qe4 Rf8 24. g3 Nf4 25. Rd2 Nh3+ 26. Kg2 Ng5 0-1